| 000 | 00905cam a22002771 4500 | ||
|---|---|---|---|
| 001 | 2166475 | ||
| 003 | OSt | ||
| 005 | 20230606154612.0 | ||
| 008 | 850924s1961 nyua 000 0 eng | ||
| 010 | _a 61006001 | ||
| 040 |
_aDLC/ICU _cICU _dDLC |
||
| 041 | 1 |
_aeng _hger |
|
| 043 | _af-tz--- | ||
| 050 | 0 | 0 | _bG713 1961 |
| 082 | 0 | 0 |
_a599.09 _bGRZ |
| 100 | 1 | _aGrzimek, Bernhard. | |
| 240 | 1 | 0 |
_aSerengeti darf nicht sterben. _lEnglish |
| 245 | 1 | 0 |
_aSerengeti shall not die, _cby Bernhard and Michael Grzimek. With an introd. by Alan Moorehead. Translated from the German by E.L. and D. Rewald. |
| 250 | _a[1st American ed.]. | ||
| 260 |
_aNew York, _bDutton _c[1961]. |
||
| 300 |
_a344 p. _billus. _c24 cm. |
||
| 650 | 0 |
_aAnimals _zTanzania _zSerengeti National Park. |
|
| 700 | 1 |
_aGrzimek, Michael, _d1934-1959, _ejoint author. |
|
| 906 |
_a7 _bcbc _corignew _du _eocip _f19 _gy-gencatlg |
||
| 942 |
_2ddc _cBK |
||
| 999 |
_c738 _d738 |
||